书目信息 |
| 题名: |
电路考研大串讲
|
|
| 作者: | 孙立山 , 杨旭强 , 霍炬 编著 | |
| 分册: | ||
| 出版信息: | 北京 科学出版社 2006.05 |
|
| 页数: | 207页 | |
| 开本: | 26cm | |
| 丛书名: | 大学课程学习与考研全程辅导系列丛书 | |
| 单 册: | ||
| 中图分类: | TM13 | |
| 科图分类: | ||
| 主题词: | 电路理论--dian lu li lun--研究生--升学参考资料 | |
| 电子资源: | ||
| ISBN: | 978-7-03-017261-7 | |
| 000 | 01140nam 2200289 450 | |
| 001 | 2439239769 | |
| 005 | 20241023081847.75 | |
| 010 | @a978-7-03-017261-7@dCNY45.00 | |
| 100 | @a20061105d2006 km y0chiy0120 ea | |
| 101 | 0 | @achi |
| 102 | @aCN@b110000 | |
| 105 | @aa a 000yy | |
| 200 | 1 | @a电路考研大串讲@Adian lu kao yan da chuan jiang@f孙立山 … [等] 编著@Fsun li shan…[deng]bian zhu |
| 210 | @a北京@c科学出版社@d2006.05 | |
| 215 | @a207页@c图@d26cm | |
| 225 | 2 | @a大学课程学习与考研全程辅导系列丛书@Ada xue ke cheng xue xi yu kao yan quan cheng fu dao xi lie cong shu |
| 304 | @a其他编著还有 : 杨旭强、霍炬、金钊 | |
| 320 | @a有书目 (第152页)。 | |
| 330 | @a本书内容包括线性直流电路分析、电路定理、正弦稳态电路分析、三相电路、谐振电路、非正弦周期电流电路、线性动态电路的时域分析、非线性电路等。 | |
| 410 | 0 | @12001 @a大学课程学习与考研全程辅导系列丛书 |
| 606 | 0 | @a电路理论@Adian lu li lun@x研究生@j升学参考资料 |
| 690 | @aTM13@v4 | |
| 701 | 0 | @a孙立山@Asun li shan@4编著 |
| 701 | 0 | @a杨旭强@Ayang xu qiang@4编著 |
| 701 | 0 | @a霍炬@Ahuo ju@4编著 |
| 801 | 0 | @aCN@b河南城建学院图书馆@c20061205 |
| 905 | @dTM13@eS936 | |
| 电路考研大串讲/孙立山 … [等] 编著.-北京:科学出版社,2006.05 |
| 207页:图;26cm.-(大学课程学习与考研全程辅导系列丛书) |
| ISBN 978-7-03-017261-7:CNY45.00 |
| 本书内容包括线性直流电路分析、电路定理、正弦稳态电路分析、三相电路、谐振电路、非正弦周期电流电路、线性动态电路的时域分析、非线性电路等。 |
| ● |
| 相关链接 |
|
|
|
正题名:电路考研大串讲
索取号:TM13/S936
 
预约/预借
| 序号 | 登录号 | 条形码 | 馆藏地/架位号 | 状态 | 备注 |
| 1 | 1548637 | 215486374 | 自科库301/301自科库 8排2列4层/ [索取号:TM13/S936] | 在馆 | |
| 2 | 1553102 | 215531020 | 自科库301/301自科库 8排2列4层/ [索取号:TM13/S936] | 在馆 |